| 000 | 00792nam a22001817a 4500 | ||
|---|---|---|---|
| 999 |
_c63955 _d63955 |
||
| 005 | 20260311112735.0 | ||
| 008 | 260226s2002 ge ||||| |||| 00| 0 eng d | ||
| 020 | _a 9780521016353x | ||
| 041 | _aeng | ||
| 080 | _a36+364+316+811(520) F-11 | ||
| 245 |
_aFamily and Social Policy in Japan: _bAnthropological Approaches / _cRdited by Roger Goodman. |
||
| 264 |
_aCambridge : _bCambridge University Press, _c2002. |
||
| 300 |
_a237 p.; _b23 cm. |
||
| 653 | _aიაპონიის სოციალური პოლიტიკა | ||
| 653 | _aოჯახის სოციალური პოლიტიკა იაპონიაში | ||
| 653 | _aიაპონიის პოლიტიკა ოჯახის სფეროში | ||
| 942 |
_2udc _cᲬᲘᲒᲜᲘ |
||